El hijo de Arturo Estevez

Na minha lista:
Detalhes bibliográficos
Autor principal: González de Cascorro, Raúl
Formato: Livro
Idioma:Undetermined
Publicado em: La Habana, Cuba Unión de escritores y artistas de Cuba 1975
Assuntos:
Tags: Adicionar Tag
Sem tags, seja o primeiro a adicionar uma tag!

MARC

LEADER 00000nam a2200000Ia 4500
008 170316s9999 xx 000 0 und d
040 |a cru BVZT 
090 |a 860 G-23h 
100 |a González de Cascorro, Raúl 
245 |a El hijo de Arturo Estevez 
260 |a La Habana, Cuba 
260 |b Unión de escritores y artistas de Cuba 
260 |c 1975 
300 |a 107 páginas 
650 |a LITERATURA LATINOAMERICANA 
999 |c 8732  |d 8732 
942 |c 15 D  |h 860 G-23h  |2 z